Εισαγωγή στη μικροβιολογία

Αποθηκεύτηκε σε:
Λεπτομέρειες βιβλιογραφικής εγγραφής
Κύριος συγγραφέας: Tortora, Gerard J.
Άλλοι συγγραφείς: Funke, Berdell R., Case, Christine L., 1948-
Μορφή: Βιβλίο
Γλώσσα:Greek
English
Δημοσίευση: Αθήνα : Πασχαλίδης, c2009.
Θέματα:
Ετικέτες: Προσθήκη ετικέτας
Δεν υπάρχουν, Καταχωρήστε ετικέτα πρώτοι!

MARC

LEADER 00000cam a2200000 i 4500
001 1/25666
008 130208s2009 gr | ||| |||| ||gre||
020 |a 9789603998273 (τ. 1) 
020 |a 9789603998280 (τ. 2) 
035 |l 10113685 
040 |a GR-MyUA  |b gre  |e AACR2 
041 1 |a gre  |h eng 
082 0 |a 579  |2 (22) 
100 1 |a Tortora, Gerard J. 
245 1 0 |a Εισαγωγή στη μικροβιολογία /   |c Gerard J. Tortora, Berdell R. Funke, Christine L. Case ; γενική επιμέλεια, πρόλογος ελληνικής έκδοσης Αθανάσιος Τσακρής.  
260 |a Αθήνα :   |b Πασχαλίδης,   |c c2009.  
300 |a 2 τ. :   |b έγχρ. εικ. ;   |c 29 εκ.+   |e 1 οπτική δισκέτα λέϊζερ Η/Υ (4 3/4 ίν.).  
504 |a Περιλαμβάνει ευρετήριο.  
650 0 0 |a Microbiology. 
700 1 |a Funke, Berdell R. 
700 1 |a Case, Christine L.,   |d 1948- 
765 0 8 |i Μετάφραση του:   |t Microbiology :  
852 |a INST  |b LEMNOS  |e 20130208  |h 579 TOR  |p 005600000699  |q 005600000699  |t BK  |y 0  |z τ.2 
852 |a INST  |b LEMNOS  |e 20130208  |h 579 TOR  |p 005600000704  |q 005600000704  |t BK  |y 0  |z τ.1 
852 |a INST  |b LEMNOS  |e 20130211  |h 579 TOR  |p 005600000705  |q 005600000705  |t BK  |y 0  |z τ.2 
852 |a INST  |b LEMNOS  |e 20130211  |h 579 TOR  |p 005600000706  |q 005600000706  |t BK  |y 0  |z τ.1 
852 |a INST  |b LEMNOS  |e 20130208  |h 579 TOR  |p 005600000699  |q 005600000699  |t BK  |v τ.2:  |y 0  |z τ.2 
852 |a INST  |b LEMNOS  |e 20130208  |h 579 TOR  |p 005600000704  |q 005600000704  |t BK  |v τ.1:  |y 0  |z τ.1 
852 |a INST  |b LEMNOS  |e 20130211  |h 579 TOR  |p 005600000705  |q 005600000705  |t BK  |v τ.2:  |y 0  |z τ.2 
852 |a INST  |b LEMNOS  |e 20130211  |h 579 TOR  |p 005600000706  |q 005600000706  |t BK  |v τ.1:  |y 0  |z τ.1 
852 |a INST  |b LEMNOS  |c EUDOXUS  |e 20130301  |h 579 TOR  |p 005600000736  |q 005600000736  |t EDX  |y 0  |z τ.1 
852 |a INST  |b LEMNOS  |c EUDOXUS  |e 20130301  |h 579 TOR  |p 005600000737  |q 005600000737  |t EDX  |y 0  |z τ.2 
852 |a INST  |b LEMNOS  |c EUDOXUS  |e 20130301  |h 579 TOR  |p 005600000736  |q 005600000736  |t EDX  |v τ.1:  |y 0  |z τ.1 
852 |a INST  |b LEMNOS  |c EUDOXUS  |e 20130301  |h 579 TOR  |p 005600000737  |q 005600000737  |t EDX  |v τ.2:  |y 0  |z τ.2 
853 |a INST  |b LEMNOS  |h 579 TOR 
853 |a INST  |b LEMNOS  |c EUDOXUS  |h 579 TOR 
901 |a BIBL6-2013-1 
909 |a Μ  |b 161010 
909 |a Μ  |b 161009 
909 |a Μ  |b 177771 
909 |a Μ  |b 177770 
909 |a Μ  |b 160999 
909 |a Μ  |b 161000 
920 |a ΕΥΔΟΞΟΣ  |b ΠΑΡΑΓΓΕΛΙΑ  |y Λήμνος-ΤΕΤΔ  |z 2013-02 
922 |a 6ΕΛΗ  |b 201210  |c ΠΑΡΑΡΤΗΜΑ ΒΙΒΛΙΟΘΗΚΗΣ ΛΗΜΝΟΥ  |d ΙΩΑΝΝΙΔΟΥ 
970 |a ΤΣΟΥΚΑΛΑ  |b ΑΛΙΚΗ